| 000 | 00593nam a2200205 4500 | ||
|---|---|---|---|
| 999 |
_c169017 _d169017 |
||
| 005 | 20191104122557.0 | ||
| 010 | _aENG-126798 | ||
| 020 |
_a9789352101771 _c80.00 |
||
| 035 | _aEN-110330 | ||
| 037 | _bDBAD/PUB | ||
| 082 | _a230.3 | ||
| 100 | _aSri Aurbindo | ||
| 245 |
_aPowers within / _cby Sri Aurobindo [and] The Mother |
||
| 260 |
_aPondicherry _bSri Aurobindo Ashram Publication _c2019 |
||
| 270 |
_aPondicherry _e605002 |
||
| 300 |
_a190p. _c18cm(pbk) |
||
| 500 | _aIncludes bibliographical references | ||
| 700 | _aThe Mother | ||
| 942 |
_2ddc _cEN _h230.3 _mAUR |
||